000 00617 a2200193 4500
001 117198
020 _a978-65+89004-00-4
020 _qbroch
041 _apor
082 _a510
697 _aConcurso Canguru de Matemática
697 _aMatemática - Competições
040 _aBR-BrIDEA
_cBR-BrIDEA
090 _aPL 510
_bREV
245 1 0 _aRevista Canguru de Matemática Brasil
_b2020 ; resoluções de exercícios
_corganização Élio Mega [colaboradores Pablo Ganassim, Regis Prado Barbosa, Leoanrdo Cavalcante]
260 _aSão Paulo, SP
_bUPMAT,
_c2020
300 _a126 p.
_bcol. ill.
942 _cBK
999 _c117198
_d117198